000 00555nam a2200217 a 4500
999 _c7076
_d7076
001 7076
003 BD-JhCC
005 20180204175851.0
008 180204s1968 e a|||| || | 000 0 eng d
035 _a(BD-JhCC)7076
040 _aBD-JhCC
_dBD-JhCC
041 _aeng
082 _a398.2
_bGUI 1968
100 _aGuillot, Rene
245 _aThe Elephants of Saragabal /
_cRene Guillot,
260 _aLondon :
_bOxford University Press,
_c1968.
300 _a170 p. :
_bill. ,
_c21 cm.
650 _aFrench Fiction
942 _2ddc
_cBK